Microeconomics: (Record no. 22234)
[ view plain ]
| 000 -LEADER | |
|---|---|
| fixed length control field | 00417nam a22001697a 4500 |
| 020 ## - INTERNATIONAL STANDARD BOOK NUMBER | |
| ISBN | 81-7671-021-0 |
| 082 ## - DEWEY DECIMAL CLASSIFICATION NUMBER | |
| Classification number | 338.5 |
| 100 ## - MAIN ENTRY--AUTHOR NAME | |
| Personal name | Varian, Hal R |
| 245 ## - TITLE STATEMENT | |
| Title | Microeconomics: |
| Sub Title | A Modern Approach |
| 250 ## - EDITION STATEMENT | |
| Edition statement | 5th |
| 260 ## - PUBLICATION, DISTRIBUTION, ETC. (IMPRINT) | |
| Place of publication | New Delhi: |
| Name of publisher | WW Norton and Companyt, |
| Year of publication | 1999 |
| 300 ## - PHYSICAL DESCRIPTION | |
| Number of Pages | xxiii, 662p.: ill.; 25cm |
| 700 ## - ADDED ENTRY--PERSONAL NAME | |
| Personal name | Jamal, Salum K |
| 700 ## - ADDED ENTRY--PERSONAL NAME | |
| Personal name | Julius, Jumbe |
| 700 ## - ADDED ENTRY--PERSONAL NAME | |
| Personal name | Kelvin, John |
| 942 ## - ADDED ENTRY ELEMENTS (KOHA) | |
| Koha item type | Books |
No items available.
